01710nam a2200337Ia 4500001001200000003000800012006001900020007001500039008004100054020001500095020001800110040002100128035002000149050002400169110010400193245032500297260005600622300003100678504004100709533015200750610004300902650004800945650004000993650005301033651004701086651003801133655002901171710002901200710001701229856012601246ebr10126246CaPaEBRm u cr cn|||||||||060524s2006 dcuab sb 000 0 eng d z0309100682 z9780309100687 aCaPaEBRcCaPaEBR a(OCoLC)8024503314aTC530b.N374 2006eb2 aNational Research Council (U.S.).bCommittee to Review the Lake Ontario-St. Lawrence River Studies.10aReview of the Lake Ontario-St. Lawrence River studiesh[electronic resource] /cCommittee to Review the Lake Ontario-St. Lawrence River Studies, Water Science and Technology Board, Division on Earth and Life Studies, National Research Council of the National Academies, in collaboration with The Royal Society of Canada. aWashington, DC :bNational Academies Press,cc2006. axiv, 147 p. :bill., maps. aIncludes bibliographical references. aElectronic reproduction.bPalo Alto, Calif. :cebrary,d2009.nAvailable via World Wide Web.nAccess may be limited to ebrary affiliated libraries.20aLake Ontario-St. Lawrence River Study. 0aWater levelszOntario, Lake (N.Y. and Ont.) 0aWater levelszSaint Lawrence River. 0aWater-supplyzGreat Lakes Region (North America) 0aOntario, Lake (N.Y. and Ont.)xRegulation. 0aSaint Lawrence RiverxRegulation. 7aElectronic books.2local2 aRoyal Society of Canada.2 aebrary, Inc.40uhttp://site.ebrary.com/lib/rucke/Doc?id=10126246zAn electronic book accessible through the World Wide Web; click to view